ཚིག་དོན་ཀུན་གསལ་མེ་ལོང་། (Record no. 3230)
[ view plain ]
| 000 -LEADER | |
|---|---|
| fixed length control field | 00635nam a2200169 4500 |
| 001 - CONTROL NUMBER | |
| control field | 3960 |
| 005 - DATE AND TIME OF LATEST TRANSACTION | |
| control field | 20190920115007.0 |
| 008 - FIXED-LENGTH DATA ELEMENTS--GENERAL INFORMATION | |
| fixed length control field | 190920b ||||| |||| 00| 0 eng d |
| 090 00 - LOCALLY ASSIGNED LC-TYPE CALL NUMBER (OCLC); LOCAL CALL NUMBER (RLIN) | |
| Classification number (OCLC) (R) ; Classification number, CALL (RLIN) (NR) | 495.48 D999t 1990 |
| 100 00 - MAIN ENTRY--PERSONAL NAME | |
| Personal name | Dzongkhag Development Commission. |
| 245 00 - TITLE STATEMENT | |
| Title | ཚིག་དོན་ཀུན་གསལ་མེ་ལོང་། |
| Statement of responsibility, etc. | Dzongkhag Development Commission, Royal Government of Bhutan. |
| 260 00 - PUBLICATION, DISTRIBUTION, ETC. | |
| Place of publication, distribution, etc. | Thimphu : |
| Name of publisher, distributor, etc. | Dzongkha Development Commission, |
| Date of publication, distribution, etc. | 1990. |
| 300 00 - PHYSICAL DESCRIPTION | |
| Extent | 133 p. ; 22 cm. |
| 650 00 - SUBJECT ADDED ENTRY--TOPICAL TERM | |
| Topical term or geographic name entry element | Dzongkha language --Glossaries, vocabularies, etc. |
| Topical term or geographic name entry element | Dzongkha language --Pronunciation. |
| 942 ## - ADDED ENTRY ELEMENTS (KOHA) | |
| Source of classification or shelving scheme | Dewey Decimal Classification |
| Koha item type | Dzongkha |
| Withdrawn status | Lost status | Source of classification or shelving scheme | Damaged status | Not for loan | Collection code | Home library | Current library | Shelving location | Date acquired | Serial Enumeration / chronology | Inventory number | Total Checkouts | Full call number | Barcode | Date last seen | Date last checked out | Price effective from | Koha item type |
|---|---|---|---|---|---|---|---|---|---|---|---|---|---|---|---|---|---|---|
| Dewey Decimal Classification | Dzongkha | RTC Library | RTC Library | Dzongkha | 03/11/2021 | 6661 | 1 | 495.48 DZO | 30006388 | 18/11/2021 | 03/11/2021 | 27/11/2018 | Dzongkha |